Visualizzazione normale
Vista MARC
- Thériault, Michel,
di Personal Name
Records bibliografici associati: 1
001 - CONTROL NUMBER
- control field: 64975
003 - CONTROL NUMBER IDENTIFIER
- control field: IT-RoINE
005 - DATE AND TIME OF LATEST TRANSACTION
- control field: 20191202103852.0
008 - FIXED-LENGTH DATA ELEMENTS
- fixed length control field: 191202|| aca||aabn | a|a d
040 ## - CATALOGING SOURCE
- Original cataloging agency: IT-RoINE
- Transcribing agency: IT-RoINE
100 ## - HEADING--PERSONAL NAME
- Personal name: Thériault, Michel,
- Dates associated with a name: 1942-2000
670 ## - SOURCE DATA FOUND
- Source citation: Work cat.: (IT-RoINE)0: Germovnik, Francis, 1915-2005 64972, Indices ad Corpus Iuris Canonici / , 2000.